000 01381nam a22002057a 4500
001 5657
003 FISKH
005 20250109140608.0
008 250109b cb ||||| |||| 00| 0 eng d
020 _a9780198390183
040 _aFISKH
_beng
_cFISKH
_dFISKH
082 _a540
100 _aHumlme, Philippa Gardom
245 _aComplete chemistry for Cambridge Secondary 1 /
_cby Philippa Gardom Hulme
260 _aOxford :
_bOxford University Press ;
_c2013.
300 _a248 pages :
_bcolor illustrations ;
_c28 cm .
520 _aThis brand new course builds in crucial challenge material right from the start, enabling students to confidently leap into Cambridge IGCSERG Science study with a solid foundation in Chemistry. It is the best preparation for our bestselling Complete Science for Cambridge IGCSE course,facilitating seamless progression from Cambridge Secondary 1 Stage 9 right into Complete Chemistry for Cambridge IGCSE. Complete Chemistry for Cambridge Secondary 1 covers all three years of Cambridge Secondary 1 Chemistry in the same book, flowing smoothly from one stage to the next. Regularrevision and extension exercises will help consolidate learning and then stretch and challenge students to reach the next level. Plus, it's endorsed by Cambridge International Examinations, so you know it's comprehensive.
942 _2ddc
_cBK
_n0
999 _c5657
_d5657